100 Question Sopranos Marathon - Statistics

General Stats
  • This quiz has been taken 476 times
    475 since last reset
  • The average score is 28 of 100
Answer Stats
Question Answer % Correct
Takes over as boss to Tony's dismay (nickname) Junior
92%
Acting Boss in first few episodes before he dies (1st and last name) Jackie Aprile
88%
Boss of New York Family for most of series (first name) Carmine
82%
Tony's prescribed medication Prozac
67%
Who does above character love? | Who is Christopher Actually Related to? (1st name) Carmela
64%
Who does Christopher train under to become Cappo? Paulie
61%
How does Gloria die? Suicide
60%
Tony's considers Christopher his what? Nephew
56%
When denied service, Christopher shoots bakery shop employee in what body part? foot
52%
Tony's father (1st name) Johnny
51%
Who does Christopher accuse the above character of having an affair with? Tony
51%
First name of the executioner the guys recruit in Italy. Furio
50%
Christopher is irked when his buddy Brendan is killed where in his own home? Bathtub
49%
Aboves specific relation to Tony (2 words) Father's brother
47%
Who does Johnny Sach want to kill for insulting his wife? (First Name) Ralph
46%
In season 2, who gets out of prison and is out for justice? (1st and last name) Richie Aprile
46%
Who is Tony traveling with during 1st murder we see him commit? Meadow
45%
Who is the primary owner of the Bada Bing? (1st and last name) Silvio Dante
43%
Who pulled the trigger on Brendan as ordered by Junior (1st name/nickname) Mikey
42%
Meadow's University Columbia
40%
What crime happens to Dr. Melfi that prompts new views of Tony as "a good guy" Rape
40%
What city does Janice live prior to moving to New Jersey? Seattle
40%
What animal represents Big Pussy in Tony's dreams? Fish
39%
Tony's first gumare in the series. Irina
39%
Where did Gloria, another of Tony's gumares's, work in Season 3? Car Dealership
38%
Who is he asked to kill in the 5th season for being an FBI infromant? (1st name) Adriana
37%
What does AJ suffer from the same as his father? Panic attacks
37%
What natural substance does Paulie fears encountering in the above incident? poison ivy
36%
What is above character's hairstyle? Ponytail
35%
Who considers Junior the father he never had (1st name) Bobby
33%
Tony often exclaims re: his mother's fate: "It not a nursing home, it's a..... Retirement community
33%
Christopher's drug of choice that prompts car accident, Tony to whack him. Heroin
32%
Who throws above character down the stairs in season 4? Janice
31%
First name of the priest Carmela relies on through moral dilemmas Phil
31%
What firearm does Tony kill above character with at a farm? Shotgun
31%
What does Johnny Sach end up dying from while in prison? Lung Cancer
30%
AJ is dumped by above, Tony finds him where in a suicide attempt? Pool
30%
For what event is Johnny Sach allowed a break from prison? Daughter's wedding
29%
What place of business is Phil and his family at when he is whacked? Gas station
29%
What large machine does above character have a chance to Kill Tony with? Helicopter
29%
What is stuffed in Jimmy Altierri's mouth after he is whacked in Season 1? Rat
29%
In Season 6, Benny puts who whose hand in a hot fryer? (1st name) Artie
28%
Where does Tony recall his father taking Janice to as a kid instead of him Carnival
28%
What game is Jackie Jr. playing with a girl prior to his being killed? Chess
28%
Mother's belongings that Janice refuses to relinquish to 1-legged caretaker. Records
28%
What classes does Bobby order Janice to take to become a better person? Anger management
27%
What profession is Paulie's real mother? Nun
27%
Signature component of Paulie Walnut's haircut that Christopher admires (1 word) Wings
27%
Where does AJ nearly go to before it is learned he has above condition? Military School
26%
Meadow's husband (first name) Finn
25%
What resort town does Carmela prohibit Meadow from going to in season 1? Aspen
24%
Tony's other sister (1st name) Barbara
24%
What drug did Brendan give Meadow (2 words) Crystal Meth
24%
Jackie Jr. attended and played football at what university? Rutgers
24%
Who does above character run over with his car? Beansie
23%
What part of Phils' body is injured when Tony chases him down and hits his car? Neck
23%
What do the guys find that the above character wears after Tony kills him? Toupe
23%
Junior's brain condition referenced during legal proceedings Dementia
22%
Tony tolerates antics from certain crew members because they are "high....(1 word) Earners
22%
Last name of the FBI agent Tony consults with throughout the series Harris
22%
What does Big Pussy want spared before he is whacked? His face
22%
Tony's favorite horse that is killed when barn burned down by above character. Pie-Oh-My
22%
Above described character is shot and killed in the woods by who? Christopher and Paulie
20%
Where is Veto hiding when Phil finds him and has him savagely beaten to death? motel
20%
What does Christopher see during his initiation ceremony that gives him pause? Raven
20%
Tony often references what mafioso style, also name of a Will Ferrell movie? Old School
19%
Who does Paulie ultimately discover is his real mother? His Aunt
18%
Name of Artie's Bucco restaurant (starts with V) Vesuvios
18%
Who kills Jackie Jr. when the family decides he's a liability? (1st name) Veto
18%
What profession does above character aspire to that makes Tony uncomfortable? Masseuse
17%
What is Junior's first criminal punishment in the series? (2 words) House arrest.
16%
What ailment does Adriana suffer from that Christopher teases her about? Irritable bowel syndrome
15%
What mixed races is Meadow's 1st boyfriend in the series that bugs Tony? Jewish and black
15%
What is Tony's alternate ego we see in his dreams when he's in a coma? Kevin Finnerty
15%
What does Dr. Melfi's shrink call Tony that causes her to reconsider treating him? Sociopath
15%
Where does Christopher meet JT, a friend he ends up shooting in season 6? Alcoholics Anonymous
14%
Where does above character enounter Veto and rightfully is afraid of him? Construction site.
14%
Who relays the news of her death to Tony? Dr. Melfi
14%
What is Bobby playing with when he is killed in season 6? Train set
14%
What does AJ ask Tony and Carmela for a loan to buy? Club
13%
Size of mole the above character says the wife needs removed "from her ass." 95 pounds
12%
Where does Veto offer to take above character to keep him quiet about something? Yankees game.
12%
Tony takes AJ to an underprivledged neighborhood, AJ exlaims 'that's a real... Crack whore
11%
How does Tony kill the above character? (2 words) Strangles him.
10%
What item of food does Gloria throw at Tony's head after he bails out on dinner? London Broil.
9%
What is Paulie that makes him different than most of his comrades? (1 word) Unmarried
9%
Jackie Jr. and Christopher rob what in season 3? Poker Game
7%
What actor portrays Tony's cousin who gets out of prison in season 5? Steve Buschemi
7%
How are Veto and Phil related? Brother-in-laws
4%
Who is behind the first attempt at Tony's life? (1st name) Olivia
4%
What prompts Janice to shoot and kill the above character? He slaps her
3%
According to that shrink, and wrongly so, Tony is not capable of (one word)? Remorse
3%
Who does Tony tell Dr. Melfi is the "strong silent type?" (1st and last name) Gary Oldman
2%
What part of Junior's house does he shoot Tony in season 6? His kitchen
2%
What item does the above character attempt to offer Tony and is rejected? A coat
1%
What pastry does Tony like being served by his inferiors during morning meetings? Bially
1%
What song are Meadow and her friend dancing to in the kitchen, season 1 No scubs
1%
AJ's love interest in season 6 is of what nationality/descent? Puerta Rican
1%
What is Christopher's career ambition outside the mafia? Film Producing
0%
No matching quizzes found
Score Distribution
Percent of People with Each Score
Percentile by Number Answered
Your Score History
You have not taken this quiz since the last reset